Differentialoperatoren der mathematischen Physik ; eine Einführung.
Guardado en:
| Autor Principal: | |
|---|---|
| Formato: | Libro |
| Idioma: | German |
| Publicado: |
Berlin :
Springer,
1964.
|
| Materias: | |
| Etiquetas: |
Agregar Etiqueta
Sin Etiquetas, Sea el primero en etiquetar este registro!
|
| LEADER | 00682nam a22002171a 4500 | ||
|---|---|---|---|
| 001 | MAT.inmabb005874 | ||
| 008 | 840618s1964####wb#######b####000#0#ger## | ||
| 005 | 20170606123301.0 | ||
| 245 | 1 | 0 | |a Differentialoperatoren der mathematischen Physik ; |b eine Einführung. |
| 260 | |a Berlin : |b Springer, |c 1964. | ||
| 300 | |a xi, 253 p. ; |c 24 cm. | ||
| 504 | |a Bibliografía: p. 247-249. | ||
| 510 | 4 | |a MR, |c 29 #2682 | |
| 100 | 1 | |a Hellwig, Günter, |d 1926- | |
| 650 | 0 | |a Differential equations, Partial. | |
| 650 | 0 | |a Hilbert space. | |
| 650 | 0 | |a Mathematical physics. | |
| 084 | |a 47.00 (46.00) |2 MR | ||
| 010 | |a 64016795 | ||
| 040 | |a DLC/ICU |c ICU |d DLC | ||
| 859 | |h 47 |i H477 |p A-4484 |b BIB. MATEMATICA | ||
